00682nam a2200277Ia 4500008004000000020001500040041000800055082001500063100002200078245009500100260003700195300001200232650000800244650001300252650001400265650001300279650000900292650001100301650000900312650001500321650001500336650001400351650001800365650001300383650000800396210210b2008 xxu||||| |||| 00| 0 eng d a8178242087 aeng a363.7 CEDL aCEDERLOF (Gunnel) aLandscapes and the law: environmental politics regional histories and contests over nature aNew DelhibPermanent Blackc2008 axvi,300 athe aregional apolitics, apolitics aover anature alaw: aLandscapes ahistories, ahistories aenvironmental acontests aand